000 00491nam a2200193Ia 4500
001 15959
003 IN-NITTTR
005 20251114233150.0
008 251113s9999||||xx |||||||||||||| ||eng||
040 _beng
040 _cIN-NITTTR
041 _aeng
082 _a688.74 E56C
100 _aEllington, Henry
245 0 _aCase studies in game design /
_cEllington, Henry, Addinall, Eric, Percival, Fred
700 _a Addinall, Eric
700 _a Percival, Fred
942 _2ddc
_cBK
999 _c18593
_d18593